000 00524nam a2200181Ia 4500
001 1878
005 20260306143801.0
008 260306t2018||||xx |||||||||||||| ||spa||
041 _aESP
082 _a158.1
_bB81
100 _aBrandsma, Rob
_eAUT
245 0 _aGuía para la enseñanza del mindfulness:
_bhabilidades y competencias esenciales para enseñar las intervenciones basadas en mindfulness
260 _c2018
300 _a377 páginas :
_c21 cm.
650 _aGEN
654 _aCHU
942 _cLIB
_dJUS
_fJUS
_2ddc
_n
999 _c1878
_d1878